1675 1202 1708 1033 1753 1620 1919 1555 1194 1769 1493 1113 1682 1310 1604 1057 1823 1919 1703 1316 1457 1512 1204 1477 1834 1803 1234 1059 1176 1207 1308 1060 1525 1661 1931 1684 1912 1764 1262 1516 1486 1421 1233 1637 1850 1190 1109 1288 1229 1862 1926 1548 1741 1954 1552 1097 1788 1759 1999 1430 1239 1006 1872 1982 1244 1261 1388 1006 1121 1131 1430 1711 1747 1238 1864 1595 1290 1451 1897 1263 1276 1309 1335 1794 1277 1128 1153 1925 1308 1646 1832 1275 1842 1284 1159 1878 1072 1101 1504 BCNSPRNW ULIB Ver.6.0+V

เปลี่ยนเป็นภาษาไทย

Change to English
 แสดงรายละเอียดบรรณานุกรม
  กลับหน้าหลัก

Brief Record : Get Marc (ISO 2709) : E-mail record : QR code < ปิดหน้าต่าง
LEADER : 00000nam 2200000uu 4500
001    13399126134
003     ULIB
008    180612s2006||||th 000 0 tha d
020    ^a9780521013338
050 00 ^aPE1128^bC172^cV.3
245 10 ^aCambridge practice tests for IELTS 3
260    ^aCambridge :^bCambridge University Press,^c2006
300    ^a172 p.:^bill. ;^c25 cm.
650 00 ^aInternational English Language Testing System.
650 00 ^aEnglish language^xExaminations, questions, etc.
650 00 ^aEnglish language^xTextbooks for foreign speakers
945    ^p530^l0^i004230
999    ^aวรรณษา ชูชัยมงคล
รายการนี้ยังไม่มีแท็ก
คุณยังไม่ได้ล็อกอิน คุณสามารถมีกิจกรรมร่วมกับเว็บไซต์ได้ แต่ต้องล็อกอินก่อน ::
  ล็อกอิน

รายการสื่อสารสนเทศ

ลำดับที่ ประเภท เลขเรียก/บาร์โค้ด สถานที่ สถานะ
1. วิทยาศาสตร์การแพทย์ และสุขภาพ
หนังสือสำรอง
สถานะ=หนังสือสำรอง
PE1128 C172 V.3 ฉ.1 
  Barcode: 004230
ห้องสมุดวิทยาเขตสวรรค์ประชารักษ์
►หนังสือทั่วไป
บนชั้น

รายการใกล้เคียง
    ชื่อเรื่อง [Cambridge practice tests for IELTS 3]

    หัวเรื่อง [International English Language Testing System.]

BibComment


ยังไม่เคยถูกคอมเมนท์

คอมเมนท์ทรัพยากรรายการนี้
  คอมเมนท์: Cambridge practi..


 Copyright 2026. Bcnsprnw @Library